Random Prime Ministers of Australia - Statistics

General Stats
  • This quiz has been taken 17 times
  • The average score is 7 of 10
Answer Stats
Years Prime Minister % Correct
1983-1991 Bob Hawke
100%
1901-1903 Edmund Barton
100%
1945 Frank Forde
100%
1941-1945 John Curtin
100%
1996-2007 John Howard
100%
1967-1968 John McEwen
100%
1932-1939 Joseph Lyons
100%
2010-2013 Julia Gillard
100%
2007-2010, 2013 Kevin Rudd
100%
1975-1983 Malcolm Fraser
100%
2015-2018 Malcolm Turnbull
100%
2018- Scott Morrison
100%
1941 Arthur Fadden
67%
1945-1949 Ben Chifley
67%
1903-1904, 1905-1908, 1909-1910 Alfred Deakin
50%
1908-1909, 1910-1913, 1914-1915 Andrew Fisher
50%
1915-1923 Billy Hughes
50%
1939 Earle Page
50%
1904 Chris Watson
0%
1904-1905 George Reid
0%
1972-1975 Gough Whitlam
0%
1966-1967 Harold Holt
0%
1929-1932 James Scullin
0%
1968-1971 John Gorton
0%
1913-1914 Joseph Cook
0%
1991-1996 Paul Keating
0%
1939-1941, 1949-1966 Robert Menzies
0%
1923-1929 Stanley Bruce
0%
2013-2015 Tony Abbott
0%
1971-1972 William McMahon
0%
No matching quizzes found
Score Distribution
Percent of People with Each Score
Percentile by Number Answered
Your Score History
You have not taken this quiz